000 00601nam a2200241Ia 4500
003 OSt
005 20221005022452.0
006 a|||||r|||| 00| 0
007 ta
008 221004b |||||||| |||| 00| 0 eng d
024 _a14647
037 _cTextual
040 _aCRL
_cCRL
_beng
041 _2eng
_aeng
082 _aU5.1, N6
100 _aDas Shiva Tosh
_9578132
245 0 _aGeo-strategies
260 _aAllahabad
_bKitab Mahal India
_c1986
300 _a320p.
_ccm.
650 _aGEOGRAPHY
942 _hU5.1, N6
_cTEXL
_2cc
999 _c929452
_d929452